Responses for show #4092 - Tuesday, May 21, 2002

Ben Tritle game 4.

Contestants

[<< previous game]

David Burgess, a publications coordinator from Kalamazoo, Michigan

Gaby McNicoll, a waitress from Atlanta, Georgia

Ben Tritle, an apartment manager from Los Angeles, California (whose 3-day cash winnings total $38,600)

[next game >>]

Jeopardy! Round responses

JANUARY
FEBRUARY SWEEPS
THE MARCH KING
APRIL MAY...
"JU"NE
THE SEVENTH MONTH
    $200 11
the Moon

Ben
    $200 1
Stephen King

Ben
    $200 21
Washington

David
    $200 25
(Gaby: What is Manhattan?)

Chicago

GabyDavid
    $200 3
juggling

David
    $200 16
(David: What is Jupiter?)

(Alex: [*], the seventh month, yes.)

Julius Caesar

GabyDavid
    $400 12
Versailles

Ben
    $400 2
(Gaby: What is the Olympics?)
(Alex: Be more specific.)
(Gaby: What is [*]?)

the Winter Olympics

Gaby
    $400 22
(Gaby: What is a saxophone?)

a tuba

GabyDavid
    $400 26
gnocchi

Gaby
    $400 4
a mint julep

Gaby
    $400 17
September

David
    $600 13
(Dick) Vermeil

Ben
    $600 6
Pebbles and Bamm-Bamm

Ben
    $1,000 23
(David: I can't think of it.)

"Stars and Stripes Forever"

David
    $600 27
riding lessons

Ben
    $600 5
jumbo jet

Ben
    $600 18
thirty

Triple Stumper
    $800 14
(Alex: He had chosen the firing squad, and that was [*].)

Gary Gilmore

Triple Stumper
    $800 7
(Joe) Mannix

David
    $800 24
the Hollywood Bowl

Ben
    $800 28
(Gaby: What is an Alfa Romeo?)

a Ferrari

GabyDavid
    $800 8
(Gaby: What are the [*], or [*]?)
(Alex: Yes.)
(Gaby: I'll take "JU"NE for $1,000, please.)
(Alex: You said the same thing twice I believe.)
(Gaby: Yeah, sorry.)

judicial

Gaby
    $800 19
the Mayans

Gaby
    $1000 15
the U.S. Virgin Islands

Ben
    $1000 10
Judy Garland

Ben
    $1000 30
(Ben: What is "March of the Gladiators"…[*]?)
(Alex: We're giving it to you, yeah, it is [*].)

"The Gladiator March"

Ben
    $1000 29
the Indian Ocean

Ben
    $1000 9
Jubal Early

Triple Stumper
    $1000 20
(Gaby: What is Yom Kippur?)

Pesach (or Passover)

Gaby
Triple Stumper

Scores at the first commercial break (after clue 15):

Ben Gaby David
$4,600 $1,600 $1,000

Scores at the end of the Jeopardy! Round:

Ben Gaby David
$8,000 $600 $1,800

Double Jeopardy! Round responses

IT'S GREEK MYTH TO ME
CELEBRITY MARRIAGES
ARE THE STARS OUT TONIGHT?
(Alex: A whole category about the National Association for Women...)
NOW, YOU TELL ME
SHORE SHORTS
"B" SHARP
    $400 11
Atlas

Ben
    $400 1
Helen Hunt

Ben
    $400 19
galaxies

Ben
    $400 21
the ERA (Equal Rights Amendment)

Ben
    $400 16
Oahu

David
    $400 4
brown

Ben
    $800 12
(Ben: Who is Morpheus?)

Aphrodite

BenGaby
    $800 2
Billy Bob Thornton

Gaby
    $800 20
(Gaby: What is Aquarius?)

Capricorn

Gaby
Triple Stumper
    $800 22
the Tailhook Scandal

Gaby
    $800 17
the Red Sea

David
    $800 5
backwards

David
    $1200 13
(Alex: David, say something…)
[The time expiry signal sounds.]
(Alex: …you ran out of time.)

Dionysus

GabyDavid
    $1200 3
(James) Cameron

David
    $1200 25
Mars

Ben
    $1200 23
(Gaby: Who is Geraldine Ferraro?)
(David: Who is George McGovern?)

(Alex: Correct respoonse: who is [*], who had Geraldine Ferraro with him on the ticket.)

Walter Mondale

GabyDavid
Triple Stumper
    $1200 18
Ohio

Ben
    $2,200 6
a buffoon

David
    $1600 14
(Gaby: Who is Pluto?)

Poseidon

Gaby
Triple Stumper
    $1600 9
Ava Gardner

Gaby
    $1600 26
Leo (the lion)

Gaby
    $1600 24
RU-486

Ben
    $1600 28
Chile

David
    $1600 7
the broom

David
    $2000 15
discord

Ben
    $2000 10
Miles Davis

Gaby
    $2000 30
the Griffith Observatory

Ben
    $2000 27
(Gaby: Who is Nader?)

(Alex: The lady's name was [*].)

Patricia Ireland

Gaby
Triple Stumper
    $3,000 29
(David: What is the Iberian?)

the Ionian

David
    $2000 8
Binney

Ben

Scores at the end of the Double Jeopardy! Round:

Ben Gaby David
$19,200 $3,800 $5,000
(lock game)

[wagering suggestions for these scores]

Final Jeopardy! Round responses

NEWSMAKERS
[As the clue is being revealed]
(Alex: NEWSMAKERS, recent newsmakers.)
...
[Before the responses and wagers are revealed]
(Alex: For those of you who might not have been watching last week, Jeopardy! has now become an all-cash society. $1,000 for third place, $2,000 for second place, and, of course, whatever the winner wins, he or she gets to keep.)
...
[After David's answer is revealed]
(David: It's supposed to be "Bradley".)
(Alex: Sorry, that is incorrect, Bill Bradley is not right.)
GabyWho is George Bush?
$3,800
DavidWho was [looks like Brawl]
$2,601
BenWho is Jim Jeffords?
$800
Jim Jeffords

Final scores:

Ben Gaby David
$20,000 $0 $2,399
4-day champion: $58,600 3rd place: $1,000 2nd place: $2,000

Game dynamics:

Coryat scores:

Ben Gaby David
$19,200 $3,800 $8,000
23 R,
1 W
13 R,
8 W
14 R
(including 1 DD),
5 W
(including 2 DDs)

Combined Coryat: $31,000

The J! Archive is created by fans, for fans. The Jeopardy! game show and all elements thereof, including but not limited to copyright and trademark thereto, are the property of Jeopardy Productions, Inc. and are protected under law. This website is not affiliated with, sponsored by, or operated by Jeopardy Productions, Inc. Join the discussion at JBoard.tv.